000 00393nmm a2200145Ia 4500
008 251105s9999||||xx |||||||||||||||||und||
041 _aspa
100 _aGrey, Marisa
245 0 _aBajo el sol de medianoche
264 _a[Madrid, España] :
_bEdiciones B,
_c2017
300 _a821 páginas
650 _aRomance
856 _uhttps://public.digitaliapublishing.com/a/54436
942 _cCF
999 _c106483
_d106483